[Event "Olomouc Chess Summer 2013 - Valoz Cup"]
[Site "?"]
[Date "2013.08.07"]
[Round "8.1"]
[White "Mirzoev, Azer"]
[Black "Mammadov, Zaur"]
[Result "1-0"]
[WhiteElo "2536"]
[BlackElo "2437"]
[PlyCount "157"]
[EventDate "2013.??.??"]

1. Nf3 d5 2. c4 c6 3. g3 Nf6 4. Bg2 Bg4 5. O-O Nbd7 6. d3 e6 7. Nbd2 Bd6 8. h3
Bh5 9. b3 O-O 10. Bb2 Qe7 11. a3 Rfe8 12. Qc2 Rad8 13. b4 e5 14. c5 Bb8 15. e4
dxe4 16. dxe4 Nf8 17. Nc4 Bxf3 18. Bxf3 Ne6 19. Rad1 Nd4 20. Bxd4 exd4 21. Rfe1
Nd7 22. Bg2 Ne5 23. Nxe5 Bxe5 24. f4 d3 25. Rxd3 Rxd3 26. Qxd3 Rd8 27. Qf3 Bb2
28. Re2 Rd1+ 29. Kh2 Ba1 30. e5 Qd7 31. h4 Rd3 32. Re3 Rd2 33. f5 Qc7 34. Qf4
Rd8 35. f6 gxf6 36. Qxf6 Re8 37. Re4 Bxe5 38. Rg4+ Kf8 39. Qh6+ Ke7 40. Qxh7
Qd7 41. Rg5 Kd8 42. Qf5 Qxf5 43. Rxf5 f6 44. Kh3 Rg8 45. g4 Ke7 46. Rh5 Rd8 47.
Rh7+ Kf8 48. Be4 Rd2 49. g5 fxg5 50. Rxb7 Rh2+ 51. Kg4 Rxh4+ 52. Kf5 Bb2 53.
Bxc6 Bxa3 54. Bd5 Rxb4 55. Rxa7 Rf4+ 56. Kxg5 Bc1 57. Kg6 Be3 58. Rc7 Ke8 59.
c6 Rg4+ 60. Kf6 Bd4+ 61. Kf5 Rg7 62. Bf7+ Kd8 63. Rd7+ Kc8 64. Rb7 Bc3 65. Ke6
Ba5 66. Kf6 Bc3+ 67. Ke7 Rh7 68. Kd6 Bb4+ 69. Kd5 Rxf7 70. Rxf7 Be1 71. Rf3 Bb4
72. Kc4 Be7 73. Kb5 Bg5 74. Kb6 Bd8+ 75. c7 Bxc7+ 76. Kc6 Kd8 77. Rd3+ Kc8 78.
Rh3 Be5 79. Re3 1-0

[Event "Olomouc Chess Summer 2013 - Valoz Cup"]
[Site "?"]
[Date "2013.08.07"]
[Round "8.2"]
[White "Krejci, Jan"]
[Black "Simacek, Pavel"]
[Result "1-0"]
[WhiteElo "2521"]
[BlackElo "2468"]
[PlyCount "53"]
[EventDate "2013.??.??"]

1. d4 Nf6 2. c4 c5 3. d5 e6 4. Nc3 exd5 5. cxd5 d6 6. e4 g6 7. h3 Bg7 8. Bd3
O-O 9. Nf3 a6 10. a4 Re8 11. O-O Nh5 12. Bg5 Bf6 13. Bh6 Nd7 14. Re1 Ne5 15.
Be2 Nxf3+ 16. Bxf3 Re5 17. Qd2 Bg5 18. Bxg5 Rxg5 19. e5 Rxe5 20. Rxe5 dxe5 21.
Bxh5 gxh5 22. Re1 f6 23. f4 Bf5 24. d6 Qd7 25. fxe5 fxe5 26. Rxe5 Bg6 27. Nd5
1-0

[Event "Olomouc Chess Summer 2013 - Valoz Cup"]
[Site "?"]
[Date "2013.08.07"]
[Round "8.3"]
[White "Rzayev, Bahruz"]
[Black "Cerveny, Petr"]
[Result "1-0"]
[WhiteElo "2429"]
[BlackElo "2285"]
[PlyCount "41"]
[EventDate "2013.??.??"]

1. e4 e6 2. b3 d5 3. Bb2 dxe4 4. Nc3 Nf6 5. Qe2 Nbd7 6. Nxe4 Be7 7. O-O-O O-O
8. g4 a5 9. a4 b6 10. g5 Nxe4 11. Qxe4 Rb8 12. Nf3 Bc5 13. Bd3 g6 14. h4 Bb7
15. Qe2 Qe7 16. Kb1 Bxf3 17. Qxf3 Qd6 18. h5 Bd4 19. Qh3 Rfd8 20. hxg6 hxg6 21.
Qh8+ 1-0

[Event "Olomouc Chess Summer 2013 - Valoz Cup"]
[Site "?"]
[Date "2013.08.07"]
[Round "8.4"]
[White "Bures, Jaroslav"]
[Black "Akkozov, Berik"]
[Result "1/2-1/2"]
[WhiteElo "2379"]
[BlackElo "2377"]
[PlyCount "95"]
[EventDate "2013.??.??"]

1. e4 c5 2. Nf3 d6 3. d4 cxd4 4. Nxd4 Nf6 5. Nc3 a6 6. Bg5 e6 7. Qf3 Nbd7 8.
O-O-O Qc7 9. Qg3 b6 10. Bd3 Bb7 11. Rhe1 O-O-O 12. f3 Kb8 13. Kb1 Be7 14. Be3
Rhg8 15. Nb3 g5 16. a4 Ne5 17. a5 bxa5 18. Qf2 Nfd7 19. Ba7+ Ka8 20. Na4 Qc6
21. Nb6+ Nxb6 22. Bxb6 Rc8 23. Nxa5 Qa4 24. Bf1 Bd8 25. Bxd8 Rgxd8 26. Nxb7
Kxb7 27. Rd4 Rxc2 28. Rxa4 Rxf2 29. Rc1 Nc6 30. Bxa6+ Kb6 31. Bd3 Ne5 32. Rb4+
Ka5 33. Rb3 Nxd3 34. Rxd3 Rb8 35. Ra3+ Kb4 36. Rc7 Rxg2 37. e5 Rd2 38. Rd7 Rb6
39. Rc3 Ka5 40. Ra7+ Kb5 41. exd6 Rdxd6 42. Rxf7 h6 43. Rf6 e5 44. Rf5 Rd5 45.
Kc2 Rbd6 46. Re3 Rd2+ 47. Kc3 Rxh2 48. Rexe5+ 1/2-1/2

[Event "Olomouc Chess Summer 2013 - Prima Pack Cup"]
[Site "?"]
[Date "2013.08.07"]
[Round "8.1"]
[White "Kubik, Michael"]
[Black "Obsivac, Josef"]
[Result "1/2-1/2"]
[WhiteElo "2154"]
[BlackElo "2298"]
[PlyCount "134"]
[EventDate "2013.??.??"]

1. e4 c5 2. Nf3 d6 3. d4 cxd4 4. Nxd4 Nf6 5. Nc3 a6 6. Be2 e6 7. Be3 Qc7 8. a3
Nbd7 9. g4 Nc5 10. Bf3 h6 11. h4 g6 12. g5 hxg5 13. hxg5 Rxh1+ 14. Bxh1 Nfd7
15. Qe2 Nb6 16. O-O-O Bd7 17. Kb1 O-O-O 18. f4 Bg7 19. Bf3 Rh8 20. f5 Be5 21.
fxg6 fxg6 22. Bg4 Kb8 23. Rf1 Bc8 24. Ka2 Qg7 25. Nb3 Nca4 26. Nd1 Qc7 27. Bd4
Nc4 28. Rf3 Rh2 29. Rf2 Rxf2 30. Qxf2 Bxd4 31. Nxd4 Nc5 32. Qe2 Ne5 33. Bh3 Qh7
34. Nf2 Qh4 35. Qe3 Nf7 36. b4 Na4 37. Bxe6 Nxg5 38. Bxc8 Kxc8 39. Kb3 Nb6 40.
b5 Nd7 41. bxa6 bxa6 42. Nf3 Nxf3 43. Qxf3 Qe7 44. Nd3 Qe6+ 45. Kb2 g5 46. Kb1
Qf6 47. Qg4 Kd8 48. Nb4 Nc5 49. Nd3 Nxd3 50. cxd3 Kc7 51. Qg1 Kb7 52. Kc2 Qe5
53. Qg4 Kc7 54. Qh3 Qc5+ 55. Kb3 Qd4 56. Qg3 Qe5 57. Qh3 Qg7 58. Qg4 Qg8+ 59.
Kc3 Qh8+ 60. Kc4 Qe5 61. Kb3 d5 62. exd5 Qxd5+ 63. Kc3 Qe5+ 64. Kb3 Qf4 65. Qe6
Qd6 66. Qf7+ Kb6 67. Qf2+ Qc5 1/2-1/2

[Event "Olomouc Chess Summer 2013 - Prima Pack Cup"]
[Site "?"]
[Date "2013.08.07"]
[Round "8.2"]
[White "Dobes, Vojtech"]
[Black "Efroimski, Marsel"]
[Result "0-1"]
[WhiteElo "2106"]
[BlackElo "2297"]
[PlyCount "52"]
[EventDate "2013.??.??"]

1. e4 c5 2. Nf3 d6 3. d4 cxd4 4. Nxd4 Nf6 5. Nc3 Nc6 6. Bg5 e6 7. Qd2 Be7 8. f3
O-O 9. O-O-O Nxd4 10. Qxd4 a6 11. h4 b5 12. Qd2 Bb7 13. Kb1 Rc8 14. Bd3 Nd7 15.
g4 f6 16. Be3 Ne5 17. Rh3 Qe8 18. Rg3 d5 19. g5 b4 20. Ne2 Nxf3 21. Rxf3 dxe4
22. Rg3 exd3 23. cxd3 Bd5 24. Nf4 Bxa2+ 25. Kxa2 Qa4+ 26. Kb1 b3 0-1

[Event "Olomouc Chess Summer 2013 - Prima Pack Cup"]
[Site "?"]
[Date "2013.08.07"]
[Round "8.3"]
[White "Biolek, Richard"]
[Black "Jurek, Josef"]
[Result "1/2-1/2"]
[WhiteElo "2437"]
[BlackElo "2278"]
[PlyCount "27"]
[EventDate "2013.??.??"]

1. Nf3 d5 2. d4 Nf6 3. c4 e6 4. Nc3 c5 5. cxd5 Nxd5 6. e3 Nc6 7. Bd3 Be7 8. O-O
O-O 9. a3 cxd4 10. exd4 Bf6 11. Be4 Nce7 12. Qd3 g6 13. Bh6 Re8 14. Rad1
1/2-1/2

[Event "Olomouc Chess Summer 2013 - Prima Pack Cup"]
[Site "?"]
[Date "2013.08.07"]
[Round "8.4"]
[White "Tokmachev, Mikhail"]
[Black "Klima, Lukas"]
[Result "1/2-1/2"]
[WhiteElo "2356"]
[BlackElo "2353"]
[PlyCount "32"]
[EventDate "2013.??.??"]

1. d4 Nf6 2. c4 e6 3. Nc3 Bb4 4. e3 c5 5. Nf3 O-O 6. Bd3 d5 7. O-O Nc6 8. h3
dxc4 9. Bxc4 Qc7 10. a3 Bxc3 11. bxc3 e5 12. Ba2 Bf5 13. d5 Rad8 14. Qe2 Ne7
15. c4 Ng6 16. Bb2 Rfe8 1/2-1/2

[Event "Olomouc Chess Summer 2013 - Prima Pack Cup"]
[Site "?"]
[Date "2013.08.07"]
[Round "8.5"]
[White "Kholopov, Alexander A"]
[Black "Wiley, Tom E"]
[Result "1/2-1/2"]
[WhiteElo "2310"]
[BlackElo "2256"]
[PlyCount "137"]
[EventDate "2013.??.??"]

1. d4 f5 2. g3 Nf6 3. Bg2 g6 4. Nf3 Bg7 5. O-O O-O 6. b3 Ne4 7. Bb2 d5 8. c4 c6
9. Nbd2 Be6 10. Rc1 Nd7 11. Nxe4 fxe4 12. Ng5 Bf5 13. cxd5 cxd5 14. f3 exf3 15.
exf3 Nf6 16. Nh3 Qa5 17. a3 Rac8 18. b4 Rxc1 19. Bxc1 Qb6 20. Re1 Re8 21. Nf2
a5 22. g4 Bc8 23. bxa5 Qxa5 24. Nd3 Nd7 25. Nb4 Nb6 26. Qd3 Bd7 27. Bf1 e6 28.
Be3 Nc4 29. Qb3 Nxe3 30. Qxe3 Qa7 31. Rd1 Ra8 32. Rd3 Kh8 33. Nc2 Ba4 34. Ne1
Bb5 35. Rd2 Bxf1 36. Kxf1 Qb6 37. Qc3 Qd6 38. Nc2 Rf8 39. Kg2 Bh6 40. Re2 Bf4
41. Qb4 Re8 42. Qxb7 Bxh2 43. Kh1 Rb8 44. Qf7 Rb1+ 45. Re1 Rxe1+ 46. Nxe1 Bg3
47. Nd3 Qxa3 48. Kg2 Bd6 49. Qf6+ Kg8 50. Qxe6+ Kf8 51. Qxd5 Qxd3 52. Qxd6+ Kf7
53. Qf4+ Kg7 54. Qe5+ Kf7 55. d5 Qd2+ 56. Kg3 Qd1 57. Qe6+ Kg7 58. Qe7+ Kg8 59.
d6 Qg1+ 60. Kf4 Qd4+ 61. Kg5 Qd5+ 62. Kh4 Qxf3 63. Qe8+ Kg7 64. Qe7+ Kg8 65. d7
Qf2+ 66. Kg5 Qd2+ 67. Kf6 Qf4+ 68. Ke6 Qe4+ 69. Kd6 1/2-1/2

[Event "Olomouc Chess Summer 2013 - Open Olomouc"]
[Site "?"]
[Date "2013.08.07"]
[Round "8.2"]
[White "Kanovsky, David"]
[Black "Kazakov, Konstantin"]
[Result "1/2-1/2"]
[WhiteElo "2391"]
[BlackElo "2307"]
[PlyCount "20"]
[EventDate "2013.??.??"]

1. c4 e5 2. e3 Nf6 3. d4 exd4 4. exd4 d5 5. Nf3 Bb4+ 6. Bd2 Bxd2+ 7. Nbxd2 O-O
8. Be2 dxc4 9. Nxc4 Nc6 10. Nce5 Nb4 1/2-1/2

[Event "Olomouc Chess Summer 2013 - Open Olomouc"]
[Site "?"]
[Date "2013.08.07"]
[Round "8.5"]
[White "Hjelmaas, Lars"]
[Black "Vrana, Jan"]
[Result "0-1"]
[WhiteElo "2270"]
[BlackElo "2356"]
[PlyCount "56"]
[EventDate "2013.??.??"]

1. d4 Nf6 2. c4 e6 3. g3 d5 4. Nf3 dxc4 5. Bg2 a6 6. O-O Nc6 7. Nc3 Be7 8. e4
O-O 9. Qe2 b5 10. Rd1 Bd7 11. d5 exd5 12. e5 Re8 13. Nxd5 Nxd5 14. Rxd5 Qc8 15.
Ng5 Bxg5 16. Bxg5 Rb8 17. Rc5 Nd4 18. Qh5 Bg4 19. Qh4 h5 20. Be3 Nf3+ 21. Bxf3
Bxf3 22. Qf4 Ba8 23. f3 Rb6 24. Re1 Rbe6 25. Kf2 Qd7 26. Qg5 f6 27. exf6 Rxf6
28. f4 Qh3 0-1

[Event "Olomouc Chess Summer 2013 - Open Olomouc"]
[Site "?"]
[Date "2013.08.07"]
[Round "8.6"]
[White "Kireev, Aleksei"]
[Black "Kelkar, Abhishek"]
[Result "0-1"]
[WhiteElo "2337"]
[BlackElo "2244"]
[PlyCount "104"]
[EventDate "2013.??.??"]

1. g3 Nf6 2. Bg2 g6 3. d3 d5 4. e4 c6 5. Nd2 Bg7 6. Nh3 Nbd7 7. O-O h5 8. Qe2
dxe4 9. dxe4 Ne5 10. f3 Qb6+ 11. Kh1 a6 12. a4 Bh6 13. a5 Qb5 14. Qxb5 axb5 15.
f4 Neg4 16. Re1 h4 17. Kg1 hxg3 18. hxg3 e5 19. Nf1 Bf8 20. Nf2 Bc5 21. Be3
Nxe3 22. Nxe3 exf4 23. gxf4 Rh4 24. Nd3 Ba7 25. Bf3 Bg4 26. Bg2 Bd7 27. Bf3
O-O-O 28. Kf1 Rh2 29. Nf2 Rdh8 30. Ke2 R8h3 31. Ng2 Rg3 32. Rg1 Nh5 33. Nd3
Bxg1 34. Rxg1 Bg4 35. Bxg4+ Rxg4 36. Kf3 Rg3+ 37. Kf2 g5 38. fxg5 Rxg5 39. Nde1
Nf4 40. Kf3 Nxg2 41. Rxg2 Rhxg2 42. Nxg2 b4 43. Ne3 Rxa5 44. Nc4 Rc5 45. b3 b5
46. Ne3 Kd7 47. Ke2 Ke6 48. Kd2 Ke5 49. Nf5 Kxe4 50. Nd6+ Kf4 51. Nxf7 Rf5 52.
Nh6 Rf8 0-1

[Event "Olomouc Chess Summer 2013 - Open Olomouc"]
[Site "?"]
[Date "2013.08.07"]
[Round "8.7"]
[White "Ptacnikova, Lenka"]
[Black "Maryasin, Boris"]
[Result "1-0"]
[WhiteElo "2239"]
[BlackElo "2332"]
[PlyCount "57"]
[EventDate "2013.??.??"]

1. c4 c5 2. g3 Nc6 3. Bg2 g6 4. Nc3 Bg7 5. Nf3 e6 6. d4 Nxd4 7. Nxd4 cxd4 8.
Ne4 d5 9. cxd5 exd5 10. Qa4+ Kf8 11. Qa3+ Ne7 12. Nd6 Qb6 13. Bg5 f6 14. Bd2
Be6 15. Rc1 a5 16. e4 Rd8 17. exd5 Rxd6 18. Bxa5 Qa6 19. Bf1 Qa8 20. Rc7 Kg8
21. Qxd6 Qxa5+ 22. b4 Qxd5 23. Qxe7 Qe4+ 24. Kd2 Bh6+ 25. f4 Bf8 26. Qxe6+ Qxe6
27. Bc4 Bxb4+ 28. Kd3 Qxc4+ 29. Kxc4 1-0

[Event "Olomouc Chess Summer 2013 - Open Olomouc"]
[Site "?"]
[Date "2013.08.07"]
[Round "8.9"]
[White "Musaev, Rasul"]
[Black "Dukaczewski, Piotr"]
[Result "0-1"]
[WhiteElo "2301"]
[BlackElo "2233"]
[PlyCount "67"]
[EventDate "2013.??.??"]

1. e4 c5 2. Nf3 e6 3. d4 cxd4 4. Nxd4 a6 5. Nc3 Qc7 6. Bd3 Nf6 7. O-O b5 8. Qe2
b4 9. Na4 Nc6 10. Be3 Bb7 11. f3 Be7 12. c3 d5 13. Nxc6 Qxc6 14. Nb6 dxe4 15.
fxe4 Rd8 16. cxb4 Nxe4 17. b5 Qd6 18. bxa6 Bc6 19. Bb5 O-O 20. Bxc6 Qxc6 21. a7
f5 22. a8=Q Rxa8 23. Nxa8 Rxa8 24. Rfc1 Qe8 25. Qc4 Qg6 26. b4 Bd6 27. Rf1 Qf6
28. Rad1 Rd8 29. Bf4 Bxf4 30. Rxd8+ Qxd8 31. g3 Be3+ 32. Kg2 Qd2+ 33. Kh1 Qd7
34. Rxf5 0-1

[Event "Olomouc Chess Summer 2013 - Open Olomouc"]
[Site "?"]
[Date "2013.08.07"]
[Round "8.10"]
[White "Siembab, Bartosz"]
[Black "Johansson, Jan"]
[Result "1-0"]
[WhiteElo "2223"]
[BlackElo "2394"]
[PlyCount "132"]
[EventDate "2013.??.??"]

1. d4 Nf6 2. c4 e6 3. Nf3 Bb4+ 4. Bd2 c5 5. Bxb4 cxb4 6. e3 a5 7. Bd3 d6 8. O-O
b6 9. e4 Bb7 10. e5 dxe5 11. dxe5 Nfd7 12. Qe2 Nc5 13. Bc2 Bxf3 14. Qxf3 Ra7
15. a3 Nba6 16. Rd1 Rd7 17. Nd2 O-O 18. Ne4 Qh4 19. g3 Qh6 20. Rd6 Rxd6 21.
exd6 Nxe4 22. Bxe4 Nc5 23. axb4 axb4 24. Rd1 Qf6 25. d7 Rd8 26. Rd6 Qe5 27. Rc6
Kf8 28. Rc8 Ke7 29. Rxd8 Kxd8 30. Qxf7 Nxd7 31. Bc6 Nc5 32. Qe8+ Kc7 33. Qa8
Qxb2 34. Bf3 Nd7 35. Qc6+ Kd8 36. Qd6 Qe5 37. Qxb4 Qc5 38. Qa4 Ne5 39. Be2 Ke7
40. Qc2 g6 41. Qe4 Kf6 42. Kf1 Nc6 43. Qf4+ Qf5 44. Qd6 Qc5 45. Qf4+ Qf5 46.
Qh6 Ne5 47. Qe3 Qb1+ 48. Kg2 Qb2 49. h4 h6 50. Qe4 g5 51. h5 Nf7 52. Qg6+ Ke7
53. Bg4 Qe5 54. Qd3 Nd6 55. Bf3 Nf7 56. Qa3+ Kf6 57. Qf8 Qd4 58. Bc6 Qc5 59.
Qe8 Qxc4 60. Kg1 Qd3 61. Qg8 Qd1+ 62. Kg2 b5 63. Qb8 Qxh5 64. Qxb5 Qd1 65. Qb2+
Ne5 66. Ba8 Qe2 1-0

[Event "Olomouc Chess Summer 2013 - Open Olomouc"]
[Site "?"]
[Date "2013.08.07"]
[Round "8.11"]
[White "Dvorak, Martin"]
[Black "Schmidt, Raul"]
[Result "1/2-1/2"]
[WhiteElo "2180"]
[BlackElo "2371"]
[PlyCount "60"]
[EventDate "2013.??.??"]

1. e4 c5 2. Nf3 Nc6 3. d4 cxd4 4. Nxd4 Nf6 5. Nc3 e5 6. Ndb5 d6 7. Bg5 a6 8.
Na3 b5 9. Nd5 Be7 10. Bxf6 Bxf6 11. c3 Bg5 12. Nc2 O-O 13. a4 bxa4 14. Rxa4 a5
15. Bc4 Rb8 16. b3 Be6 17. Nce3 Rb7 18. O-O Qb8 19. Nc2 Kh8 20. Qh5 Qd8 21. b4
g6 22. Qe2 axb4 23. cxb4 f5 24. Ra6 Nb8 25. Ra8 fxe4 26. Qxe4 Qd7 27. b5 Qf7
28. Ncb4 Nd7 29. Rxf8+ Qxf8 30. Qe2 Nc5 1/2-1/2

[Event "Olomouc Chess Summer 2013 - Open Olomouc"]
[Site "?"]
[Date "2013.08.07"]
[Round "8.12"]
[White "Zavurka, Roman"]
[Black "Gunajew, Rafal"]
[Result "0-1"]
[WhiteElo "2172"]
[BlackElo "2310"]
[PlyCount "37"]
[EventDate "2013.??.??"]

1. d4 d5 2. Nf3 c6 3. e3 Nf6 4. Bd3 Bg4 5. Nbd2 Nbd7 6. O-O e5 7. e4 Bd6 8.
exd5 cxd5 9. dxe5 Nxe5 10. Bb5+ Kf8 11. Be2 Ng6 12. h3 h5 13. Nb3 Bxf3 14. Bxf3
Bb8 15. Qd4 Kg8 16. Bg5 Qd6 17. g4 h4 18. Bxf6 Nf4 19. Qxd5 0-1

[Event "Olomouc Chess Summer 2013 - Open Olomouc"]
[Site "?"]
[Date "2013.08.07"]
[Round "8.13"]
[White "Blahynka, Martin"]
[Black "Ageichenko, Gennady"]
[Result "1-0"]
[WhiteElo "2166"]
[BlackElo "2302"]
[PlyCount "55"]
[EventDate "2013.??.??"]

1. d4 d5 2. c4 c6 3. Nc3 Nf6 4. e3 e6 5. Nf3 Nbd7 6. Qc2 Bd6 7. g4 dxc4 8. g5
Nd5 9. Bxc4 Nxc3 10. bxc3 c5 11. Bd3 Qe7 12. e4 e5 13. d5 Nf8 14. Bb5+ Kd8 15.
Be3 Ng6 16. Rg1 Qc7 17. a4 Rb8 18. a5 Ke7 19. Nd2 a6 20. Be2 Bd7 21. Nc4 h6 22.
Rb1 Rbd8 23. Nxd6 Qxd6 24. Rb6 Qb8 25. gxh6 Rxh6 26. Qd2 Rxh2 27. Bxc5+ Ke8 28.
Rbxg6 1-0

[Event "Olomouc Chess Summer 2013 - Open Olomouc"]
[Site "?"]
[Date "2013.08.07"]
[Round "8.14"]
[White "Furman, Boris"]
[Black "Blazeka, Matej"]
[Result "1/2-1/2"]
[WhiteElo "2164"]
[BlackElo "2282"]
[PlyCount "72"]
[EventDate "2013.??.??"]

1. d4 g6 2. c4 Bg7 3. Nc3 d6 4. Nf3 e5 5. Bg5 f6 6. Bh4 g5 7. Bg3 f5 8. h3 g4
9. hxg4 fxg4 10. Nd2 exd4 11. Nd5 c6 12. Nf4 Na6 13. Qb1 Qe7 14. Rxh7 Rxh7 15.
Qxh7 Nf6 16. Qg6+ Qf7 17. Qxf7+ Kxf7 18. Nd3 Ke7 19. Bf4 Bf5 20. O-O-O Nh5 21.
Bg5+ Bf6 22. Bxf6+ Nxf6 23. e3 dxe3 24. Re1 d5 25. Rxe3+ Kd6 26. cxd5 cxd5 27.
Nb3 Rc8+ 28. Kd1 Ne4 29. Be2 Re8 30. Nd4 Bd7 31. Nc2 Rh8 32. f3 gxf3 33. Bxf3
Nac5 34. Nxc5 Nxc5 35. b4 Na4 36. Kd2 Nb6 1/2-1/2

[Event "Olomouc Chess Summer 2013 - Open Olomouc"]
[Site "?"]
[Date "2013.08.07"]
[Round "8.15"]
[White "Beil, Zdenek"]
[Black "Suder, Ryszard"]
[Result "1/2-1/2"]
[WhiteElo "2238"]
[BlackElo "2141"]
[PlyCount "84"]
[EventDate "2013.??.??"]

1. d4 Nf6 2. Nf3 g6 3. c4 Bg7 4. g3 c6 5. Bg2 d5 6. cxd5 cxd5 7. O-O O-O 8. Nc3
Ne4 9. e3 Nxc3 10. bxc3 Nc6 11. Nd2 Be6 12. Qe2 Rc8 13. Bb2 Re8 14. Rfc1 Na5
15. Bf1 Qd7 16. Qb5 Qxb5 17. Bxb5 Red8 18. Ba3 Bf8 19. Bb4 Nc6 20. Nb3 Nxb4 21.
cxb4 Rxc1+ 22. Rxc1 Rc8 23. Rc5 b6 24. Rxc8 Bxc8 25. Bc6 e6 26. b5 Ba3 27. f4
Kf8 28. Kf2 Ke7 29. Nd2 f6 30. Nf3 Bd6 31. g4 h6 32. h4 Kf7 33. h5 gxh5 34.
gxh5 Bf8 35. Nh4 f5 36. Nf3 Bd6 37. Ke2 Ke7 38. Kd3 Kf7 39. Kc3 Bc7 40. Ne1 Ke7
41. Nd3 Bd6 42. a4 Kd8 1/2-1/2

[Event "Olomouc Chess Summer 2013 - Open Olomouc"]
[Site "?"]
[Date "2013.08.07"]
[Round "8.16"]
[White "Stachanczyk, Jacek"]
[Black "Starek, Stanislav"]
[Result "0-1"]
[WhiteElo "2227"]
[BlackElo "2094"]
[PlyCount "48"]
[EventDate "2013.??.??"]

1. e4 e6 2. d4 d5 3. Nc3 Bb4 4. Nge2 Nc6 5. e5 f6 6. f4 Nh6 7. a3 Be7 8. Be3
Nf5 9. Bf2 fxe5 10. dxe5 O-O 11. Ng3 d4 12. Nce4 Qd5 13. Bd3 Nh4 14. Nf6+ Bxf6
15. Be4 Qa5+ 16. b4 Nxb4 17. axb4 Qxb4+ 18. Kf1 Be7 19. Qd3 Bd7 20. Bxh7+ Kh8
21. c4 dxc3 22. Qxd7 Qxf4 23. Ra2 Qc4+ 24. Bd3 Qxa2 0-1

[Event "Olomouc Chess Summer 2013 - Open Olomouc"]
[Site "?"]
[Date "2013.08.07"]
[Round "8.17"]
[White "Ragaa, Hassan"]
[Black "Mankeyev, Rauan"]
[Result "0-1"]
[WhiteElo "2067"]
[BlackElo "2316"]
[PlyCount "56"]
[EventDate "2013.??.??"]

1. d4 Nf6 2. Nf3 c5 3. c3 e6 4. Bf4 d5 5. e3 Qb6 6. Qb3 c4 7. Qxb6 axb6 8. Nbd2
b5 9. a3 b4 10. Bxb8 bxc3 11. Bg3 cxb2 12. Rb1 c3 13. Bb5+ Bd7 14. Bxd7+ Nxd7
15. Kd1 Rc8 16. Ne1 cxd2 17. Kxd2 Nb6 18. Nc2 Ra8 19. Kc3 Nc4 20. e4 Bxa3 21.
exd5 exd5 22. Ne3 Nxe3 23. fxe3 Kd7 24. Kb3 Rhc8 25. Be1 Ra6 26. Bb4 Bxb4 27.
Kxb4 Rb6+ 28. Ka5 Kc7 0-1

[Event "Olomouc Chess Summer 2013 - Open Olomouc"]
[Site "?"]
[Date "2013.08.07"]
[Round "8.18"]
[White "Zhylkaidarova, Sholpan"]
[Black "Chudinovskikh, Alexander M"]
[Result "0-1"]
[WhiteElo "2047"]
[BlackElo "2299"]
[PlyCount "139"]
[EventDate "2013.??.??"]

1. d4 Nf6 2. c4 e6 3. Nf3 d5 4. Nc3 Be7 5. cxd5 exd5 6. Bg5 c6 7. Qc2 g6 8. e3
Bf5 9. Bd3 Bxd3 10. Qxd3 Nbd7 11. O-O O-O 12. Rab1 Ne4 13. Bh6 Re8 14. Nxe4
dxe4 15. Qxe4 Qa5 16. Ra1 Rad8 17. Qc2 c5 18. Rfd1 cxd4 19. exd4 Nb6 20. Qb3
Qd5 21. Qxd5 Nxd5 22. Rac1 f6 23. Bd2 Kf7 24. Re1 Rd6 25. Kf1 Ra6 26. a3 Rb6
27. Rc2 Rb3 28. Bc1 a5 29. Rce2 Rc8 30. Be3 Rc6 31. Rd1 a4 32. Ne1 Bd6 33. Nd3
h5 34. g3 g5 35. Kg2 Kg6 36. Kf3 Kf5 37. h3 g4+ 38. hxg4+ hxg4+ 39. Kg2 Kg6 40.
Red2 Kf5 41. Re1 Kg6 42. Rh1 Kf5 43. Rh8 Rc7 44. Re8 Re7 45. Rxe7 Bxe7 46. Bf4
Bf8 47. Bb8 Ke4 48. Nf4 Nxf4+ 49. Bxf4 Kd5 50. Kf1 b5 51. Be3 b4 52. axb4 Bxb4
53. Rc2 Bd6 54. Kg2 Bb4 55. Kf1 Ke4 56. Ke2 Bd6 57. Bc1 Kxd4 58. Rc6 Be5 59.
Ra6 Rb4 60. Bd2 Rc4 61. Bc3+ Ke4 62. Bxe5 fxe5 63. Ra5 Rb4 64. Ke1 Kd4 65. Kf1
e4 66. Rg5 Rxb2 67. Rxg4 a3 68. f3 Ke3 69. Rxe4+ Kxf3 70. Rf4+ 0-1

[Event "Olomouc Chess Summer 2013 - Open Olomouc"]
[Site "?"]
[Date "2013.08.07"]
[Round "8.19"]
[White "Pogan, Nikolas"]
[Black "Marek, Matyas"]
[Result "1-0"]
[WhiteElo "2284"]
[BlackElo "2042"]
[PlyCount "85"]
[EventDate "2013.??.??"]

1. c4 Nf6 2. Nc3 g6 3. g3 Bg7 4. Bg2 O-O 5. e4 d6 6. Nge2 c5 7. O-O Nc6 8. d3
Ne8 9. Be3 Nc7 10. d4 cxd4 11. Nxd4 Rb8 12. Ndb5 b6 13. f4 Nxb5 14. cxb5 Na5
15. Qd3 Be6 16. b3 Nb7 17. Rac1 Nc5 18. Qe2 f5 19. e5 dxe5 20. fxe5 Qe8 21. Bf4
Qf7 22. Rfd1 Rbd8 23. Qe3 Nd7 24. h4 h6 25. Nd5 Kh7 26. Nb4 g5 27. hxg5 hxg5
28. Bxg5 Nxe5 29. Nc6 Rxd1+ 30. Rxd1 Ng4 31. Qe2 Bf6 32. Bxf6 exf6 33. Nd8 Qh5
34. Nxe6 Qh2+ 35. Kf1 Rc8 36. Qd3 Kg6 37. Nf4+ Kg5 38. Nh3+ Kg6 39. Nf4+ Kg5
40. Nh3+ Kg6 41. Re1 Ne5 42. Rxe5 fxe5 43. Qd6+ 1-0

[Event "Olomouc Chess Summer 2013 - Open Olomouc"]
[Site "?"]
[Date "2013.08.07"]
[Round "8.20"]
[White "Zhalmakhanov, Ramazan"]
[Black "Balacek, Tadeas"]
[Result "1/2-1/2"]
[WhiteElo "2036"]
[BlackElo "2220"]
[PlyCount "66"]
[EventDate "2013.??.??"]

1. e4 e6 2. d4 d5 3. Nc3 Bb4 4. e5 Ne7 5. a3 Bxc3+ 6. bxc3 b6 7. Bd3 Ba6 8. Be3
Bxd3 9. cxd3 Nf5 10. Ne2 O-O 11. Ng3 Nxe3 12. fxe3 Qg5 13. Qe2 Nd7 14. O-O f6
15. exf6 Nxf6 16. e4 Rae8 17. Rf3 h5 18. Raf1 h4 19. Nh1 Qg6 20. e5 Nh7 21.
Rxf8+ Rxf8 22. Rxf8+ Nxf8 23. Nf2 Qg5 24. Qe1 Ng6 25. Nh3 Qg4 26. Nf2 Qf5 27.
Qe3 Qf4 28. Qxf4 Nxf4 29. Kf1 Kf7 30. g3 hxg3 31. hxg3 Ng6 32. Nh3 Ke7 33. Ke2
c5 1/2-1/2

[Event "Olomouc Chess Summer 2013 - Open senior"]
[Site "Olomouc (CZE), Hotel Flora"]
[Date "2013.08.07"]
[Round "8.1"]
[White "Golcman, Evgeny"]
[Black "Zoltek, Tadeusz"]
[Result "0-1"]
[WhiteElo "2264"]
[BlackElo "2165"]
[PlyCount "80"]
[EventDate "2013.07.31"]

1. c4 e6 2. Nc3 d5 3. e3 Nf6 4. Nf3 Be7 5. d4 O-O 6. Qc2 Nbd7 7. Bd2 c5 8. cxd5
exd5 9. Rd1 cxd4 10. Nxd4 Ne5 11. Be2 Bg4 12. Bc1 Bb4 13. Qb3 Qe7 14. O-O Bxc3
15. Qxc3 Bxe2 16. Nxe2 Rac8 17. Qb3 Rc4 18. Nd4 Nc6 19. Nf3 Rg4 20. Bd2 Rxg2+
21. Kxg2 Qe4 22. Rg1 Ne5 23. Kf1 Nxf3 24. Rg3 Nxh2+ 25. Ke2 Nh5 26. Rdg1 Nxg3+
27. Rxg3 Qh1 28. Be1 Nf1 29. Rg5 Nh2 30. Rg3 d4 31. exd4 Re8+ 32. Re3 Qf3+ 33.
Kd3 Rxe3+ 34. fxe3 Qf1+ 35. Kc2 Qxe1 36. Qxb7 Qe2+ 37. Kc3 Qxe3+ 38. Kc4 Qc1+
39. Kb3 Qd1+ 40. Ka3 Qf3+ 0-1

[Event "Olomouc Chess Summer 2013 - Open senior"]
[Site "Olomouc (CZE), Hotel Flora"]
[Date "2013.08.07"]
[Round "8.2"]
[White "Stec, Frantisek"]
[Black "Vorobyov, Yrij"]
[Result "1/2-1/2"]
[WhiteElo "2017"]
[BlackElo "2238"]
[PlyCount "35"]
[EventDate "2013.07.31"]

1. d4 e6 2. c4 c5 3. dxc5 Bxc5 4. Nf3 Nf6 5. Nc3 O-O 6. e3 Nc6 7. Be2 d5 8.
cxd5 exd5 9. O-O a6 10. a3 Bg4 11. b4 Ba7 12. Bb2 Qd6 13. b5 Ne7 14. e4 Bxf3
15. Bxf3 d4 16. Nd5 Nexd5 17. exd5 Qb6 18. Qd2 1/2-1/2

[Event "Olomouc Chess Summer 2013 - Open senior"]
[Site "Olomouc (CZE), Hotel Flora"]
[Date "2013.08.07"]
[Round "8.3"]
[White "Fiala, Jiri"]
[Black "Tsifanskaya, Ludmila"]
[Result "1/2-1/2"]
[WhiteElo "2005"]
[BlackElo "2124"]
[PlyCount "55"]
[EventDate "2013.07.31"]

1. d4 Nf6 2. Nf3 d6 3. c4 g6 4. Nc3 Bg7 5. e4 O-O 6. Be2 Na6 7. Bg5 h6 8. Be3
c5 9. d5 Nc7 10. Nd2 e6 11. O-O exd5 12. cxd5 Qe7 13. a4 b6 14. h3 Ba6 15. Bxa6
Nxa6 16. Re1 Nb4 17. Nc4 Rfd8 18. Bf4 Nh5 19. Bh2 Be5 20. Nxe5 dxe5 21. Na2
Nxa2 22. Rxa2 Qf6 23. Qd2 g5 24. Ra3 Nf4 25. Rf3 Qd6 26. Kh1 f5 27. g3 fxe4 28.
Rxe4 1/2-1/2